| 000 | 00567nam a2200181 a 4500 | ||
|---|---|---|---|
| 001 | 2882 | ||
| 003 | CDMR | ||
| 005 | 20131010110747.0 | ||
| 008 | 130130s2002||||||||||||||||||||||||||||d | ||
| 020 | _a8439357923 | ||
| 040 |
_aCDMR _bcat _cCDMR |
||
| 100 | 1 |
_aAymerich, Pilar _92104 |
|
| 245 | 1 | 0 |
_aMercè Rodoreda _b: un retrat _cPilar Aymerich, Marta Pessarrodona |
| 260 |
_aBarcelona _c2002 _bGeneralitat de Catalunya. Institut Català de la Dona |
||
| 600 | 1 |
_92110 _aRodoreda, Mercè _xCrítica i interpretació |
|
| 700 | 1 |
_92111 _aPessarrodona, Marta |
|
| 942 |
_cMON _2udc |
||
| 999 |
_c2882 _d2882 |
||